| 000 | 00654nam a2200193 a 4500 | ||
|---|---|---|---|
| 003 | AM-YEHGA | ||
| 005 | 20260123115049.0 | ||
| 008 | 041014s1930 ru a cr 000|1 arm d | ||
| 040 | _aAM-YEHGA | ||
| 041 | 1 |
_aarm _hrus |
|
| 100 | 1 |
_aԼոնդոն, Ջեկ _922 |
|
| 245 | 1 | 0 |
_aԿիշը / _cՋ. Լոնդոն; Ռուս. փոխադր.՝ Բ. Մար. |
| 260 |
_aՄոսկվա : _bԽՍՀՄ ժողովուրդների կենտրոնական հրատ., _c1930. |
||
| 300 |
_a13 էջ ; _c25 սմ. |
||
| 650 | 1 | 4 |
_aԱմերիկյան մանկական գրականություն _95680 |
| 700 | 0 |
_aԲ. Մար. _eթարգմ. _4trl |
|
| 942 |
_2udc _cBK |
||
| 001 | 310630 | ||
| 999 |
_c539341 _d539341 |
||